| 000 | 00396nam a2200169Ia 4500 | ||
|---|---|---|---|
| 003 | GCL | ||
| 008 | 140319s9999 xx 000 0 eng d | ||
| 040 |
_aGCL / _cGCL |
||
| 082 | 0 | 4 |
_a943.081 _bG B |
| 100 | 1 | _aGALL, HOTHAR | |
| 245 | 1 | 0 |
_aBISMARCK / _cGALL, HOTHAR |
| 260 |
_a[S.N] : _bFAYARD ، _c1984 |
||
| 300 | _a849 P | ||
| 650 | 0 | 4 | _aHISTORY |
| 650 | 0 | 4 | _aGERMAN HISTORY |
| 942 |
_2ddc _cBK |
||
| 999 |
_c23269 _d23269 |
||